<?xml version="1.0" encoding="UTF-8"?>
<collection xmlns="http://www.loc.gov/MARC21/slim">
 <record>
  <leader>01485nam a2200253 a 4500</leader>
  <controlfield tag="001">1/35692</controlfield>
  <controlfield tag="008">081029s2007    gr       m    00110 gre d</controlfield>
  <datafield tag="020" ind1=" " ind2=" ">
   <subfield code="a">9789604660001</subfield>
  </datafield>
  <datafield tag="035" ind1=" " ind2=" ">
   <subfield code="l">38210</subfield>
  </datafield>
  <datafield tag="040" ind1=" " ind2=" ">
   <subfield code="a">GR-PeUP</subfield>
  </datafield>
  <datafield tag="082" ind1="0" ind2="0">
   <subfield code="a">577.0949585 ΔΗΜ</subfield>
  </datafield>
  <datafield tag="100" ind1="1" ind2=" ">
   <subfield code="a">Δημιζά, Μαργαρίτα Δ.</subfield>
  </datafield>
  <datafield tag="245" ind1="1" ind2="2">
   <subfield code="a">Η κατανομή των κοκκολιθοφόρων στα θαλάσσια οικοσυστήματα της νήσου Άνδρου σε συσχετισμό με τις άνω-τεταρτογενείς αποθέσεις του κεντρικού Αιγαίου /</subfield>
   <subfield code="c">Μαργαρίτα Δ. Δημιζά.</subfield>
  </datafield>
  <datafield tag="260" ind1=" " ind2=" ">
   <subfield code="a">Αθήνα :</subfield>
   <subfield code="b">[χ.ό.], ;</subfield>
   <subfield code="c">2007.</subfield>
  </datafield>
  <datafield tag="300" ind1=" " ind2=" ">
   <subfield code="a">232 σ. :</subfield>
   <subfield code="b">εικ. ;</subfield>
   <subfield code="c">25 εκ.</subfield>
  </datafield>
  <datafield tag="490" ind1="1" ind2=" ">
   <subfield code="a">Γαία ;</subfield>
  </datafield>
  <datafield tag="502" ind1=" " ind2=" ">
   <subfield code="a">Διατριβή (διδακτορική) - Εθνικόν και Καποδιστριακόν Πανεπιστήμιον Αθηνών, 2007.</subfield>
  </datafield>
  <datafield tag="650" ind1=" " ind2="4">
   <subfield code="a">Διατριβές.</subfield>
  </datafield>
  <datafield tag="650" ind1=" " ind2="4">
   <subfield code="a">Θαλάσσια οικοσυστήματα.</subfield>
  </datafield>
  <datafield tag="650" ind1=" " ind2="4">
   <subfield code="a">Γεωλογία, Στρωματογραφική</subfield>
   <subfield code="z">Άνδρος (Ελλάδα)</subfield>
  </datafield>
  <datafield tag="650" ind1=" " ind2="4">
   <subfield code="a">Παλαιοντολογία</subfield>
   <subfield code="z">Άνδρος (Ελλάδα).</subfield>
  </datafield>
  <datafield tag="710" ind1="2" ind2=" ">
   <subfield code="a">Εθνικό και Καποδιστριακό Πανεπιστήμιο Αθηνών. Τμήμα Γεωλογίας.</subfield>
  </datafield>
  <datafield tag="830" ind1=" " ind2=" ">
   <subfield code="a">Γαία ;</subfield>
   <subfield code="v">18</subfield>
  </datafield>
  <datafield tag="852" ind1=" " ind2=" ">
   <subfield code="a">INST</subfield>
   <subfield code="b">UNIPILB</subfield>
   <subfield code="c">DISS</subfield>
   <subfield code="e">20081029</subfield>
   <subfield code="h">577.0949585 ΔΗΜ</subfield>
   <subfield code="p">00156651</subfield>
   <subfield code="q">00156651</subfield>
   <subfield code="t">NOLOAN</subfield>
   <subfield code="y">23</subfield>
   <subfield code="4">1</subfield>
  </datafield>
 </record>
</collection>
